Geography Quiz

Random Geography or World Quiz

The ULTIMATE World Border Bash Quiz Stats

Quiz not verified by Sporcle

Also try: 6 to 1: Europe
Challenge
Share
Tweet
World Map
Score 0/126 Timer 10:00
0 Plays Today
% Correct
???
99.6%
???
96.3%
???
94.8%
???
89.7%
???
88.2%
???
83.8%
???
82.7%
???
82%
???
78.6%
???
78.1%
???
77%
???
76.1%
???
73.5%
???
72.5%
???
66.2%
???
66.1%
???
65.9%
???
65.2%
???
65.1%
???
64.8%
???
64.1%
???
63.7%
???
63.3%
???
58%
???
57.5%
???
56.9%
???
56.3%
???
56.1%
???
55.9%
???
55.4%
???
53.8%
???
50.7%
???
50.5%
???
48.8%
???
48.7%
???
48.3%
???
47.9%
???
47.9%
???
47.8%
???
47.4%
???
37.5%
???
37.4%
% Correct
???
36.9%
???
36.8%
???
36.8%
???
36.8%
???
36.5%
???
35.2%
???
35.2%
???
35.2%
???
35.2%
???
34.7%
???
31.9%
???
31.3%
???
31.2%
???
31%
???
28.2%
???
28.2%
???
28.2%
???
28.2%
???
26.8%
???
26.6%
???
25.8%
???
24%
???
23.1%
???
22.1%
???
22.1%
???
21.9%
???
21.8%
???
21.8%
???
21.8%
???
21.7%
???
21.4%
???
21.4%
???
21.3%
???
21.3%
???
21.1%
???
21.1%
???
14%
???
13.8%
???
13.7%
???
13.5%
???
12.6%
???
12.6%
% Correct
???
12.6%
???
12.5%
???
12.5%
???
12.5%
???
12.3%
???
12.3%
???
12.3%
???
12.1%
???
12%
???
12%
???
11.9%
???
11.9%
???
11.9%
???
11.9%
???
11.9%
???
11.9%
???
11.9%
???
11.8%
???
11.8%
???
11.8%
???
11.7%
???
11.7%
???
11.6%
???
11.2%
???
11.2%
???
11.2%
???
11.2%
???
11.2%
???
11.1%
???
11.1%
???
11.1%
???
11%
???
10.6%
???
10.2%
???
8.8%
???
8.8%
???
8.6%
???
8%
???
6.5%
???
5.4%
???
5.3%
???
4.7%

You're not logged in!

Compare scores with friends on all Sporcle quizzes.
Join for Free
OR
Log In

You Might Also Like...

Show Comments

Extras

Top Quizzes Today


Score Distribution

Your Account Isn't Verified!

In order to create a playlist on Sporcle, you need to verify the email address you used during registration. Go to your Sporcle Settings to finish the process.

Report this User

Report this user for behavior that violates our Community Guidelines.

Details: